000 00728cab a22001815a 4500
001 L154551
008 111220s2011 xxka f 000 0 eng d
035 _a(Sirsi) u154551
041 0 _aeng
100 1 _aPatterson, Lindy
245 0 0 _aCare needed with indemnity clauses
260 _c2011
490 _aCivil Engineering Surveyor
_vDecember/January 2012, 21-22(2)
520 _aLooks at what an indemnity clause is, how to interpret an indemnity clause, recovery of claims and losses, recovery of settlement sums, recovery of costs of successfully defending a claim, and drafting tips.
651 4 _aUnited Kingdom
_y
690 _aBUILT ENVIRONMENT-CONSTRUCTION MANAGEMENT-BUILDING CONTRACT ADMINISTRATION
942 _n0
999 _c83661
_d83661